000 00541nam a2200205 a 4500
001 13532
003 CO-ViMGA
008 141112s2004 ck r 000 u spa d
020 _a9586481808
040 _aCO-ViMGA
_bspa
_cCO-ViMGA
082 0 4 _a634 M671f
100 1 _aMorales, Albert R
_919726
245 1 0 _aFrutoterapia :
_blos frutos que dan vida
250 _a4
260 _aSantafé de Bogotá :
_bEcoe,
_c1999
300 _a226
650 1 4 _aFRUTAS - USO TERAPEUTICO
_919727
650 1 4 _aFRUTAS NUTRICION
_919728
942 _2ddc
_cBK
999 _c24258
_d24258